| 000 | 00521nam a22001697a 4500 | ||
|---|---|---|---|
| 999 |
_c17641 _d17641 |
||
| 003 | AR-CdUCM | ||
| 008 | 190509b ||||| |||| 00| 0 spa d | ||
| 040 |
_aMUNICIPALIDAD PROVINCIAL DEL CUSCO _cBIBLIOTECA MUNICIPAL DEL CUSCO |
||
| 082 |
_a329.982 / _bS87 |
||
| 100 |
_aSuda, Emanuel _937778 |
||
| 245 | _aEl partido socialista frente a la realidad política argentina / | ||
| 260 |
_aBuenos Aires : _bClaridad, |
||
| 300 |
_a75 páginas ; _c17 cm. |
||
| 650 |
_aLiteratura. _983 |
||
| 942 |
_2ddc _cLIBROS |
||
| 945 | _awfj | ||